01135nabaa22002057a 4500003000400000005001700004008004100021040000700062100002600069245021300095300001300308500003700321505025600358505008900614650002700703650003300730650002400763650002700787773011500814OSt20260128225930.0190701b xxu||||| |||| 00| 0 spa d cPJ aDel Rosso, Sergio E. 13aLa motivación del acto administrativo y el régimen de nulidades :ben atención a las modificaciones introducidas por la ley 27.742 al Régimen de Procedimientos Administrativos /cSergio E. Del Rosso.  ap. 84-92 aCita: TR LALEY AR/DOC/3278/2024  aSumario: I. Introducción.— II. ¿Por qué deben fundarse las decisiones estatales?— III. El debido proceso legal y la obligación de motivar los actos administrativos.— IV. Del régimen de nulidades.— V. Colofón.— VI. Bibliografía.  t¿Te interesa el texto completo? Comunicate al correo: koha@justierradelfuego.gov.ar 0aDERECHO ADMINISTRATIVO 0aPROCEDIMIENTO ADMINISTRATIVO 0aACTO ADMINISTRATIVO 0aDERECHO CONSTITUCIONAL0 02842dBuenos Aires : AbeledoPerrot, 2012-oDA121tDerecho administrativo. Nº 157 enero/febrero 2025z18510590